000 00553nam a2200181Ia 4500
003 GCL
008 140319s9999 xx 000 0 eng d
040 _aGCL /
_cGCL
082 0 4 _a526.3
_bS G
100 1 _aSTAFFMEMBERS OF SURVEYING FACULLY OF ENG
245 1 0 _aGEODETIC SURVEYING : THEOREY OF ERRORS AND ADJUSTMENT /
_cSTAFFMEMBERS OF SURVEYING FACULLY OF ENG
260 _a[S.N] :
_bDAR EL-RATEB AL-JAMIAH ،
_c1994
300 _a203 P
650 0 4 _aالتحليل الرياضى
650 0 4 _aSURVERYING
650 0 4 _aGEODESY
942 _2ddc
_cBK
999 _c19763
_d19763